Normal view
MARC view
- Computerized literature
Entry Topical Term
001 - CONTROL NUMBER
- control field: 93943
003 - CONTROL NUMBER IDENTIFIER
- control field: NUST
005 - DATE AND TIME OF LATEST TRANSACTION
- control field: 20220719195205.0
008 - FIXED-LENGTH DATA ELEMENTS
- fixed length control field: 220719|| aca||aabn | a|a d
040 ## - CATALOGING SOURCE
- Original cataloging agency: NUST
- Transcribing agency: NUST
150 ## - HEADING--TOPICAL TERM
- Topical term or geographic name entry element: Computerized literature
670 ## - SOURCE DATA FOUND
- Source citation: Work cat.: (NUST)178929: Computerized literature searching, 1984
